<?xml version='1.0' encoding='UTF-8'?>
  <record xmlns="http://www.loc.gov/MARC21/slim">
    <leader>00000ces a2200000 i 4500</leader>
    <controlfield tag="001">ocn920123537</controlfield>
    <controlfield tag="003">OCoLC</controlfield>
    <controlfield tag="005">20230613130226.7</controlfield>
    <controlfield tag="007">au auuun</controlfield>
    <controlfield tag="008">150904d19141961ne        u     0   und d</controlfield>
    <datafield tag="040" ind1=" " ind2=" ">
      <subfield code="a">NLGGC</subfield>
      <subfield code="b">dut</subfield>
      <subfield code="c">NLGGC</subfield>
      <subfield code="e">fobidrtb</subfield>
      <subfield code="d">NLGGC</subfield>
    </datafield>
    <datafield tag="029" ind1="0" ind2=" ">
      <subfield code="a">NLGGC</subfield>
      <subfield code="b">395907845</subfield>
    </datafield>
    <datafield tag="035" ind1=" " ind2=" ">
      <subfield code="a">(OCoLC)920123537</subfield>
    </datafield>
    <datafield tag="245" ind1="0" ind2="0">
      <subfield code="a">Bovenrijn, Waal, Boven- en Beneden Merwede, Dordtsche Kil, Oude Maas, Noord, Brielsche Nieuwe Maas :</subfield>
      <subfield code="b">[Tweede herziening. Serie 1] /</subfield>
      <subfield code="c">[Rijkswaterstaat]</subfield>
    </datafield>
    <datafield tag="246" ind1="3" ind2=" ">
      <subfield code="a">Boven-Rijn, Waal, Boven- en Beneden Merwede, Noord, Dordtsche Kil, Oude Maas, Spui, Brielsche Maas</subfield>
    </datafield>
    <datafield tag="255" ind1=" " ind2=" ">
      <subfield code="a">Schaal 1:10.000.</subfield>
    </datafield>
    <datafield tag="260" ind1=" " ind2=" ">
      <subfield code="a">'s-Gravenhage :</subfield>
      <subfield code="b">Rijksuitgeverij,</subfield>
      <subfield code="c">1914-1961.</subfield>
    </datafield>
    <datafield tag="300" ind1=" " ind2=" ">
      <subfield code="a">1 serie in 25 bladen. :</subfield>
      <subfield code="b">lithografie. ;</subfield>
      <subfield code="c">diverse formaten.</subfield>
    </datafield>
    <datafield tag="336" ind1=" " ind2=" ">
      <subfield code="a">cartografische afbeelding</subfield>
      <subfield code="b">cri</subfield>
      <subfield code="2">rdacontent/dut</subfield>
    </datafield>
    <datafield tag="337" ind1=" " ind2=" ">
      <subfield code="a">zonder medium</subfield>
      <subfield code="b">n</subfield>
      <subfield code="2">rdamedia/dut</subfield>
    </datafield>
    <datafield tag="338" ind1=" " ind2=" ">
      <subfield code="a">vel</subfield>
      <subfield code="b">nb</subfield>
      <subfield code="2">rdacarrier/dut</subfield>
    </datafield>
    <datafield tag="490" ind1="0" ind2=" ">
      <subfield code="a">Rivierkaart [van Nederland].</subfield>
      <subfield code="a">Ser. 1</subfield>
    </datafield>
    <datafield tag="500" ind1=" " ind2=" ">
      <subfield code="a">Titel ontleend aan kaartblad Lobith 1917. De dektitels langs de bovenzijde van de kaart variëren.</subfield>
    </datafield>
    <datafield tag="500" ind1=" " ind2=" ">
      <subfield code="a">Vermelding verantwoordelijke instantie varieert.</subfield>
    </datafield>
    <datafield tag="500" ind1=" " ind2=" ">
      <subfield code="a">Impressum varieert. - Ook: Delft : Topografische Inrichting; en: Delft : Topografische Dienst.</subfield>
    </datafield>
    <datafield tag="500" ind1=" " ind2=" ">
      <subfield code="a">Enkele kaartbladen in combinatie met andere series.</subfield>
    </datafield>
    <datafield tag="500" ind1=" " ind2=" ">
      <subfield code="a">Zie: Boode, M.F., ‘150 jaar rivierkaarten van Nederland’, Publikatie van de Meetkundige Dienst van Rijkswaterstaat, 1979; Rienstra, S., ‘De algemene rivierkaart’, in: ‘Tijdschrift van het Koninklijk Nederlandsch Aardrijkskundig Genootschap’ 75 (1958) 4, p. 384-387.</subfield>
    </datafield>
    <datafield tag="500" ind1=" " ind2=" ">
      <subfield code="a">Voor de aanwezige kaartbladen zie ook de iteminformatie.</subfield>
    </datafield>
    <datafield tag="710" ind1="2" ind2=" ">
      <subfield code="a">Nederland.</subfield>
      <subfield code="b">Rijkswaterstaat.</subfield>
    </datafield>
  </record>